000 00671nam a2200205 a 4500
005 20240925064241.0
008 991125s1978 es 000 0 spa u
020 _a8432005266
035 _aUPN01000045630
049 _aCG
050 4 _aLB1105
_bP3.2 no.55
100 1 _aBroyer, Gérard
245 1 1 _a¿Por qué mienten los niños? /
_cGérard Broyer ; tr. María Rosa Ley de Planellas.
260 _aBarcelona, Esp. :
_bPlaneta,
_c1978.
300 _a132 p.
440 0 _aPaideia.
_pBiblioteca práctica de pedagogía, psicología y psicopatología de la infancia ;
_v55
650 4 _aNiño, Estudio del
_9221
650 4 _aVERDAD Y MENTIRA
_915546
905 _aLibro
999 _c45630
_d45630